000 00838nas a2200265 4500
001 BR0505378
003 BR-BrBNA
005 20231205105719.0
007 ta
008 230509b bl.|||p| |||| 00| 00por d
040 _aBR-BrBNA
_bpor
_cBiblioteca Nacional de Agricultura
041 _a(Pt)
072 _aM12
100 1 _aAnon.
245 1 _aA matrinxã nos tanques-rede de Rodônia; a jatuarana, como é conhecida regionalmente a matrinxã, encanta piscicultores com seu bom desempenho
650 _aMATRINXÃ
650 _aPEIXE DE ÁGUA DOCE
650 _aMANEJO
650 _aPRODUTIVIDADE
650 _aCONSUMO
650 _aRONDÔNIA
773 0 _tPanorama da Aqüicultura (Brazil)
_xISSN 1519-1141
_g(Mar-Apr 2005), v. 15(88) p. 43-45
_wBR0505378
909 _a202311
_bLúcia
_c55
_dLúcia Elande
942 _2AGRIS
_n0
_cANA
999 _c184299
_d184299